000 00922nam a22002297a 4500
005 20110224145937.0
008 110224t xxu||||| |||| 00| 0ben d
010 _aBEN-8379
020 _a97881295088478
_c70.00
035 _aBN-6584
037 _bDBAD/PUB
040 _aDPL
_bBN
100 _926208
_aভট্টাচার্য িনমাই
245 _aতািনয়া /
_cিনমাই ভট্টাচার্য ি
246 _aতািনয়া
_b by Nimai Bhattacharya
260 _aকলকাতা
_bেদ'জ পবিলিশং
_c2008
270 _a১৩ বfঙ্কম চ্ত্তের্জী স্টীট
_bকলকাতা
_e700073
300 3 _a120p
_c22 cm (HB)
700 _926212
942 _2ddc
_cBN
_mভট্টচা
999 _c50760
_d50760